Catálogo

Reto al cambio : (Registro nro. 18614)

Detalles MARC
000 -LEADER
fixed length control field 01040cam a2200289 i 4500
001 - CONTROL NUMBER
control field 18614
003 - CONTROL NUMBER IDENTIFIER
control field Mx-PuUPA
005 - DATE AND TIME OF LATEST TRANSACTION
control field 20230420132948.0
008 - FIXED-LENGTH DATA ELEMENTS--GENERAL INFORMATION
fixed length control field 140415s1994 mx d gr 000 0 spa d
020 ## - INTERNATIONAL STANDARD BOOK NUMBER
International Standard Book Number 9701005228
040 ## - CATALOGING SOURCE
Transcribing agency Mx-PuUPA
Original cataloging agency Mx-PuUPA
Language of cataloging spa
Modifying agency Mx-PuUPA
Description conventions rda
041 0# - LANGUAGE CODE
Language code of text/sound track or separate title spa
100 1# - MAIN ENTRY--PERSONAL NAME
Personal name Dionne Duddy, George W.,
Relator term autor
245 10 - TITLE STATEMENT
Title Reto al cambio :
Remainder of title un modelo vivencial para facilitar los procesos de superación personal /
Statement of responsibility, etc. George W. Dionne Duddy, Enrique Reig Pintado
250 ## - EDITION STATEMENT
Edition statement Primera edición
264 #1 - PRODUCTION, PUBLICATION, DISTRIBUTION, MANUFACTURE, AND COPYRIGHT NOTICE
Place of production, publication, distribution, manufacture Naucalpan de Juárez, Edo. de México :
Name of producer, publisher, distributor, manufacturer McGraw-Hill/Interamericana de México,
Date of production, publication, distribution, manufacture, or copyright notice ©1994
300 ## - PHYSICAL DESCRIPTION
Extent xix, 195 páginas :
Other physical details diagramas ;
Dimensions 24 cm
336 ## - CONTENT TYPE
Fuente rdacontent
Content type term texto
Content type code txt
337 ## - MEDIA TYPE
Source rdamedia
Media type term sin medio
Media type code n
338 ## - CARRIER TYPE
Source rdacarrier
Carrier type term volumen
Carrier type code nc
650 #7 - SUBJECT ADDED ENTRY--TOPICAL TERM
Source of heading or term armarc
Topical term or geographic name entry element Confianza en sí mismo
650 #7 - SUBJECT ADDED ENTRY--TOPICAL TERM
Source of heading or term armarc
Topical term or geographic name entry element Autoaceptación
700 1# - ADDED ENTRY--PERSONAL NAME
Personal name Reig Pintado, Enrique,
Relator term autor
942 ## - ADDED ENTRY ELEMENTS (KOHA)
Source of classification or shelving scheme Dewey Decimal Classification
Koha item type Libro
Classification part 158.8
Item part D588
Existencias
Withdrawn status Lost status Source of classification or shelving scheme Damaged status Not for loan Collection code Home library Current library Shelving location Date acquired Source of acquisition Total Checkouts Full call number Barcode Date last seen Date last checked out Price effective from Koha item type Total Renewals
    Dewey Decimal Classification     General Biblioteca Karol Wojtyla Biblioteca Karol Wojtyla Sala general 03/12/2013 Compra   153.8 DUD 1994 70216 05/01/2026 10/10/2016 09/03/2016 Libro  
    Dewey Decimal Classification     General Biblioteca Karol Wojtyla Biblioteca Karol Wojtyla Sala general 03/12/2013 Compra 2 153.8 DUD 1994 66617 05/01/2026 19/10/2023 09/03/2016 Libro 1
    Dewey Decimal Classification     General Biblioteca Karol Wojtyla Biblioteca Karol Wojtyla Sala general 03/12/2013 Compra 1 153.8 D588 1994 37947 05/01/2026 23/09/2023 09/03/2016 Libro 1